LEADER 02936cam1-22005531i-450- 001 990000765050403321 005 20060530132526.0 035 $a000076505 035 $aFED01000076505 035 $a(Aleph)000076505FED01 035 $a000076505 100 $a20020821g18901905km-y0itay50------ba 101 0 $aita 105 $aa-------001yy 200 1 $a<>patria$egeografia dell'Italia$ecenni storici, costumi, topografia, prodotti, industria, commercio, mari, fiumi, canali, strade, ponti, strade ferrate, porti, monumenti, dati statistici, popolazione, istruzione, bilanci provinciali ecomunali, istituti di beneficenza, edifizi pubblici$fopera compilata da Gustavo Strafforello$gcolla collaborazione di altri distinti scrittori 210 $aTorino$cUnione tipografico editrice$d1890-1905 215 $a31 v.$cill.$d27 cm 463 \1$1001990000821500403321$12001 $aIntroduzione generale 463 \1$1001990000821510403321$12001 $aProvincia di Torino 463 \1$1001990000821520403321$12001 $aProvincia di Alessandria 463 \1$1001990000821530403321$12001 $aProvincia di Cuneo 463 \1$1001990000821540403321$12001 $aProvincia di Novara 463 \1$1001990000821550403321$12001 $aProvincia di Genova e Porto Maurizio 463 \1$1001990000821560403321$12001 $aProvincia di Venezia 463 \1$1001990000821570403321$12001 $aProvincia di Verona, Vicenza e Padova 463 \1$1001990000821580403321$12001 $aProvincia di Udine, Belluno, Treviso, Rovigo, Trieste e l'Istria-Gorizia 463 \1$1001990000821590403321$12001 $aProvincia di Milano 463 \1$1001990000821600403321$12001 $aProvincia di Como e Sondrio, Canton Ticino e Valli dei grigioni 463 \1$1001990000821610403321$12001 $aProvincia di Pavia 463 \1$1001990000821620403321$12001 $aProvincie di Bergamo e Brescia$econ appendice sulle valli del versante lombardo appartenenti all'Impero austro-ungarico 463 \1$1001990000821630403321$12001 $aProvincia di Cremona e Mantova 463 \1$1001990000821640403321$12001 $aProvincia di Bologna 463 \1$1001990000821650403321$12001 $aProvincie di Ravenna, Ferrara, Forlì, Repubblica di San Marino 463 \1$1001990000821660403321$12001 $aProvincie di Modena e Reggio Emilia 463 \1$1001990000821680403321$12001 $aProvincia di Firenze 463 \1$1001990000821690403321$12001 $aProvincie di Arezzo, Grosseto, Siena 463 \1$1001990000821700403321$12001 $aProvincie di Massa e Carrara, Lucca, Pisa, Livorno 610 0 $aItalia centrale$aDescrizione 610 0 $aItalia$aGeografia 610 0 $aItalia settentrionale$aDescrizione 610 0 $aItalia meridionale$aDescrizione 610 0 $aItalia insulare$aDescrizione 700 1$aStrafforello,$bGustavo$f<1820-1903>$08550 801 0$aIT$bUNINA$gRICA$2UNIMARC 901 $aBK 912 $a990000765050403321 959 $aFARBC 996 $aPatria$9266135 997 $aUNINA LEADER 01051cam0-2200361---450 001 990003171410403321 005 20180314162840.0 035 $aFED01000317141 035 $a(Aleph)000317141FED01 035 $a000317141 100 $a20030910d1965----km-y0itay50------ba 101 1 $aita 102 $aIT 105 $aY-------001yy 200 1 $a<>psicologia di C. G. Jung$fJolande Jacobi 205 $a2. ed. 210 $aTorino$cBoringhieri$d1965 215 $a189 p.$d22 cm 225 1 $aBiblioteca di cultura scientifica$iSerie viola$i<>uomo e la società$v5 454 0$12001$a<>Psychologie$91506345 610 0 $aJung, Carl Gustav 676 $a150.1954$v22$zita 700 1$aJacobi,$bJolande$0375988 801 0$aIT$bUNINA$gRICA$2UNIMARC 901 $aBK 912 $a990003171410403321 952 $a12110 JAC$b1615/I$fSES 952 $aP.1 PSI 953$bIST.FIL.T.1325$fFLFBC 952 $aP.1 PSI 953 BIS$bBIBL. 2018$fFLFBC 959 $aSES 959 $aFLFBC 996 $aPsychologie$91506345 997 $aUNINA LEADER 02349nam 2200433I 450 001 9910672356803321 005 20180717100940.0 010 $a958-738-362-1 035 $a(CKB)3710000000482234 035 $a(OCoLC)944530278 035 $a(NyNyDIG)DIGUDROS0120 035 $a(EXLCZ)993710000000482234 100 $a20170926d2013 uy 0 101 0 $aspa 135 $aur||||||||||| 181 $ctxt$2rdacontent 182 $cc$2rdamedia 183 $acr$2rdacarrier 200 00$aContribucio?n de la Universidad del Rosario al debate sobre el fallo de La Haya $eana?lisis del caso Nicaragua vs. Colombia /$fCarlos Holmes Trujillo Garci?a, Mari?a Luci?a Torres Villarreal, editores acade?micos 210 1$aBogota?, D.C. :$cEditorial Universidad del Rosario,$d[2013] 215 $a1 online resource $cmaps (some color) 225 1 $aColeccio?n institucional 311 $a958-738-351-6 320 $aIncludes bibliographical references. 327 $aPresentacio?n / Carlos Holmes Trujillo G. y Mari?a Luci?a Torres V -- Denuncia del Pacto de Bogota?: Implicaciones juri?dicas para Colombia / Andrea Mateus Rugeles -- Ana?lisis de la posicio?n juri?dica de Colombia ante la Corte de la Haya / Marco Gerardo Monroy Cabra -- Poli?tica de fronteras, insercio?n global y el fallo de la CIJ. Lecciones para Colombia / Mauricio Jaramillo Jassir -- Diferendo territorial y mari?timo entre Nicaragua y Colombia: Once an?os de pleito / Ricardo Abello Galvis -- El fallo sobre San Andre?s: El debate de la supremaci?a del derecho internacional, la obligatoriedad del fallo y el derecho interno constitucional colombiano / Walter Are?valo Rami?rez -- Anexo. Mapas Situacio?n del Archipie?lago de San Andre?s, Providencia, Santa Catalina y los Cayos. 410 0$aColeccio?n institucional (Universidad del Rosario) 606 $aBoundary disputes 607 $aColombia$xBoundaries$zNicaragua 607 $aNicaragua$xBoundaries$zColombia 615 0$aBoundary disputes. 676 $a341.448 702 $aHolmes Trujillo$b Carlos 702 $aTorres Villarreal$b Mari?a Luci?a 801 0$bDGITA 801 1$bDGITA 906 $aBOOK 912 $a9910672356803321 996 $aContribucio?n de la Universidad del Rosario al debate sobre el fallo de La Haya$93045500 997 $aUNINA